Normal view
MARC view
- Wild, Ray
Entry Personal Name
001 - CONTROL NUMBER
- control field: 35794
003 - CONTROL NUMBER IDENTIFIER
- control field: NUST
005 - DATE AND TIME OF LATEST TRANSACTION
- control field: 20210302145317.0
008 - FIXED-LENGTH DATA ELEMENTS
- fixed length control field: 210302|| aca||aabn | a|a d
040 ## - CATALOGING SOURCE
- Original cataloging agency: NUST
- Transcribing agency: NUST
100 ## - HEADING--PERSONAL NAME
- Personal name: Wild, Ray
670 ## - SOURCE DATA FOUND
- Source citation: Work cat.: (NUST)31503: Wild, Ray., Production and operations management :, 1995.
